Homepage usability: 50 websites deconstructed
Guardat en:
| Autors principals: | , |
|---|---|
| Format: | Llibre |
| Idioma: | anglès |
| Publicat: |
Indianápolis
New Riders
2002
|
| Matèries: | |
| Etiquetes: |
Afegir etiqueta
Sense etiquetes, Sigues el primer a etiquetar aquest registre!
|
MARC
| LEADER | 00000nam a2200000 a 4500 | ||
|---|---|---|---|
| 001 | UCK4472 | ||
| 003 | CL-VaPUC | ||
| 008 | 050610e20020000US |||||||||||||||||eng|d | ||
| 020 | |a 073571102X | ||
| 082 | 0 | 4 | |a 004.6 |b NIE |2 21 |
| 100 | |a Nielsen, Jakob |e author |9 597014 | ||
| 700 | 0 | |a Tahir, Marie |e author |9 492963 | |
| 245 | 1 | 0 | |a Homepage usability: 50 websites deconstructed |
| 300 | |a 315 p | ||
| 942 | |c BK | ||
| 945 | |d 20050610 00:00:00 |a cmena | ||
| 260 | |a Indianápolis |b New Riders |c 2002 | ||
| 650 | 0 | |a Páginas web |x Diseño |9 436463 | |
| 650 | 0 | |a Páginas web |9 386845 | |
| 583 | |a last modification |c 20050610 00:00:00 |k Rodrigo Vera | ||
| 999 | |c 313305 |d 313303 | ||
| 952 | |0 0 |1 0 |4 0 |6 004_600000000000000_NIE_2002 |7 0 |8 A |9 384568 |a BIBARQ |b BIBARQ |d 2019-11-22 |i 4136470 |l 2 |o 004.6 NIE 2002 |p 4136470 |r 2025-01-20 |s 2022-09-14 |w 2019-11-22 |y BK |k ARQ | ||